| 000 | 00341nab a22001097u 4500 | ||
|---|---|---|---|
| 008 | 130520b1989 xxu||||| |||| 00| 0 spa d | ||
| 041 | _aspa | ||
| 100 | 1 |
_aDamatta, R. _967466 |
|
| 245 | 0 | 0 |
_aEl deporte en la sociedad: el "futebol" como drama nacional _cR. Damatta |
| 773 | 0 |
_tConcilium _gV.2,1989,págs.221-232 _x0210-1041 _wRev134 |
|
| 942 | _cAR | ||
| 999 |
_c355490 _d355490 |
||